Captains of Industry (Record no. 43590)

MARC details
000 -LEADER
fixed length control field 00414nam a22001697a 4500
005 - DATE AND TIME OF LATEST TRANSACTION
control field 20250417095116.0
008 - FIXED-LENGTH DATA ELEMENTS--GENERAL INFORMATION
fixed length control field 250405b |||||||| |||| 00| 0 eng d
020 ## - INTERNATIONAL STANDARD BOOK NUMBER
International Standard Book Number 9789358006018
041 ## - LANGUAGE CODE
Language code of text/sound track or separate title eng
082 ## - DEWEY DECIMAL CLASSIFICATION NUMBER
Classification number 920 PAR
100 ## - MAIN ENTRY--PERSONAL NAME
Author Parton, James
245 ## - TITLE STATEMENT
Title Captains of Industry
260 ## - PUBLICATION, DISTRIBUTION, ETC.
Place Delhi
Publisher Lector house
Publication Year 2021
300 ## - PHYSICAL DESCRIPTION
Extent 192 ; pages 23 cm
650 ## - SUBJECT ADDED ENTRY--TOPICAL TERM
Subject Industrialists-Biography
942 ## - ADDED ENTRY ELEMENTS (KOHA)
Koha item type Books
Holdings
Withdrawn status Lost status Source of classification or shelving scheme Damaged status Not for loan Home library Current library Shelving location Accession Date Vendor Price Bill number Total Checkouts Full call number Barcode No Date last seen Date last checked out Discount Bill Date Koha item type Suggested By
    Dewey Decimal Classification     IMTN IMTN Rack 41-B 03/28/2025 Raghav Book Private Limited 1995.00 2374 1 920 PAR 33874 07/12/2025 07/02/2025 30 02/14/2025 Books Dr. Mantha Raghu (Head Librarian)
Designed & Maintained by: LRC IMT Nagpur Contact: lrc@imtnag.ac.in© 2024. All Rights Reserved.